000 00391nam a22001577a 4500
005 20180724163902.0
008 160514b xxu||||| |||| 00| 0 eng d
041 _aeng
082 _b2449
_a658.3
100 _aK. Aswathappa
_9572
245 _aOrganizational Behaviour
260 _aNew Delhi
_bHimalaya Publishing House,
_c2003
300 _a581p,
650 _aManagement
_9241
942 _cBK
999 _c878
_d878